Movies Quiz

Random Movies or Disney Quiz

Disney Live-Action Movies Quiz Stats

Quiz Updated Aug 12, 2016

Challenge
Share
Tweet
Score 0/24 Timer 07:00
7 Plays Today
% Correct
Pirates of the Caribbean: The Curse of the Black Pearl
95.8%
The Mighty Ducks
85.8%
Alice in Wonderland
85.4%
Mary Poppins
83.9%
The Chronicles of Narnia: The Lion, the Witch and the Wardrobe
83.9%
The Love Bug
82.5%
Honey, I Shrunk the Kids
80.3%
Tron
77.6%
The Parent Trap
73.4%
Swiss Family Robinson
58.6%
Pete's Dragon
57.5%
Saving Mr. Banks
55.8%
% Correct
Remember the Titans
54.3%
Bedtime Stories
48.5%
Treasure Island
48.5%
Tomorrowland
46.1%
Davy Crockett: King of the Wild Frontier
40%
Muppets Most Wanted
33.1%
The Rocketeer
32.7%
Tuck Everlasting
28.5%
Pollyanna
24.7%
Babes in Toyland
19.8%
Flight of the Navigator
17.4%
The Absent-Minded Professor
13.2%

You're not logged in!

Compare scores with friends on all Sporcle quizzes.
Sign Up with Email
OR
Log In

You Might Also Like...

Show Comments

Extras

Top Quizzes Today


Score Distribution

Your Account Isn't Verified!

In order to create a playlist on Sporcle, you need to verify the email address you used during registration. Go to your Sporcle Settings to finish the process.